| 000 | 01093nas a2200349 4500 | ||
|---|---|---|---|
| 001 | BR2012003799 | ||
| 003 | BR-BrBNA | ||
| 005 | 20231205120621.0 | ||
| 007 | ta | ||
| 008 | 230509b bl.|||p| |||| 00| 00por d | ||
| 040 |
_aBR-BrBNA _bpor _cBiblioteca Nacional de Agricultura |
||
| 041 | _a(Pt) | ||
| 072 | _aF02 | ||
| 100 | 1 | _aDias, J.P.D. | |
| 100 | 1 | _aTakahashi, K. | |
| 100 | 1 | _aDuarte Filho, J. | |
| 100 | 1 | _aOno, E.O. | |
| 100 | 1 | _aTakahashi, K. | |
| 100 | 1 | _aDuarte Filho, J. | |
| 100 | 1 | _aOno, E.O. | |
| 245 | 1 | _aBioestimulante na promoção da brotação em estacas de raiz de amoreira-preta | |
| 246 | 1 | _aBiostimulant in promoting the sprouting in root cuttings of blackberry | |
| 650 | _aAMORA PRETA | ||
| 650 | _aPROPAGAÇÃO VEGETATIVA | ||
| 650 | _aESTACA | ||
| 650 | _aRAIZ | ||
| 650 | _aREGULADOR DE CRESCIMENTO | ||
| 650 | _aESTIMULANTE DE CRESCIMENTO VEGETAL | ||
| 773 | 0 |
_tRevista Brasileira de Fruticultura (Brazil) _xISSN 0100-2945 _g(Mar 2012), v. 34(1) p. 1-7 _wBR2012003799 |
|
| 909 |
_a202311 _bLúcia _c55 _dLúcia Elande |
||
| 942 |
_2AGRIS _n0 _cANA |
||
| 999 |
_c219399 _d219399 |
||